000
00298nam a22001337a 4500
008
180123b xxu||||| |||| 00| 0 eng d
020
_a
9780205310302
041
_a
eng
080
_a
300.72
100
_a
59
101
_a
soc
245
_a
social research methods
_c
lawrence.w
942
_2
udc
_c
BK
999
_c
40801
_d
40801